|
|
|
|
| LEADER |
00000nam0a2200000 4500 |
| 001 |
289887 |
| 005 |
20231102000229.0 |
| 035 |
|
|
|a (RuTPU)RU\TPU\book\314408
|
| 090 |
|
|
|a 289887
|
| 100 |
|
|
|a 20150403d1983 k y0rusy50 ca
|
| 101 |
0 |
|
|a rus
|
| 102 |
|
|
|a RU
|
| 105 |
|
|
|a y z 000zy
|
| 200 |
1 |
|
|a Труды Академии художеств СССР
|e сборник статей
|h Вып. 1
|f Академия художеств СССР (АХ СССР), Научно-исследовательский институт теории и истории изобразительного искусства (НИИ РАХ) ; под ред. В. В. Ванслова ; М. Т. Кузьминой
|
| 210 |
|
|
|a Москва
|c Изобразительное искусство
|d 1983
|
| 215 |
|
|
|a 272 с.
|
| 600 |
|
1 |
|a Венецианов
|b А. Г.
|c российский живописец
|f 1780-1847
|g Алексей Гаврилович
|2 stltpush
|3 (RuTPU)RU\TPU\pers\11970
|9 3078
|
| 600 |
|
1 |
|a Веласкес (Родригес де Силва Веласкес)
|b Д.
|c испанский живописец
|f 1599-1660
|g Диего
|2 stltpush
|3 (RuTPU)RU\TPU\pers\12055
|9 3140
|
| 606 |
|
|
|a Изобразительное искусство
|2 stltpush
|3 (RuTPU)RU\TPU\subj\12291
|9 39102
|
| 610 |
1 |
|
|a советское искусство
|
| 610 |
1 |
|
|a проблемы
|
| 610 |
1 |
|
|a художники
|
| 610 |
1 |
|
|a подготовка
|
| 610 |
1 |
|
|a 20 век
|
| 610 |
1 |
|
|a городские памятники
|
| 610 |
1 |
|
|a художественная школа
|
| 610 |
1 |
|
|a социалистический реализм
|
| 610 |
1 |
|
|a портреты
|
| 610 |
1 |
|
|a советская живопись
|
| 610 |
1 |
|
|a выставки
|
| 610 |
1 |
|
|a Россия
|
| 610 |
1 |
|
|a классицизм
|
| 610 |
1 |
|
|a 18 век
|
| 610 |
1 |
|
|a 19 век
|
| 610 |
1 |
|
|a 17 век
|
| 610 |
1 |
|
|a буржуазная идеология
|
| 675 |
|
|
|a 7
|v 3
|
| 702 |
|
1 |
|a Ванслов
|b В. В.
|4 340
|
| 702 |
|
1 |
|a Кузьмина
|b М. Т.
|4 340
|
| 712 |
0 |
2 |
|a Академия художеств СССР (АХ СССР)
|b Научно-исследовательский институт теории и истории изобразительного искусства (НИИ РАХ)
|c (Москва)
|2 stltpush
|3 (RuTPU)RU\TPU\col\20396
|
| 801 |
|
1 |
|a RU
|b 63413507
|c 20150403
|
| 801 |
|
2 |
|a RU
|b 63413507
|c 20180305
|g RCR
|
| 942 |
|
|
|c BK
|